[Event "AUT-chT (Women) 1819"]
[Site "Austria"]
[Date "2019.03.31"]
[Round "7.5"]
[White "Wu, Min"]
[Black "Bas, Aydan"]
[Result "1-0"]
[WhiteElo "1931"]
[BlackElo "1488"]
[PlyCount "67"]
[EventDate "2018.11.17"]
[EventType "team-swiss"]
[EventRounds "7"]
[EventCountry "AUT"]
[SourceTitle "CBM 189 Extra"]
[Source "ChessBase"]
[SourceDate "2019.06.03"]
[SourceVersion "1"]
[SourceVersionDate "2019.06.03"]
[SourceQuality "1"]
[WhiteTeam "Mayrhofen/Zillertal (W)"]
[BlackTeam "Dornbirn (W)"]
[WhiteTeamCountry "AUT"]
[BlackTeamCountry "AUT"]

1. e4 g6 2. d4 d6 3. Nc3 Bg7 4. Be3 Nf6 5. Qd2 Nc6 6. d5 Ne5 7. h3 Ned7 8. Bh6 0-0 9. Bxg7 Kxg7 10. 0-0-0 e5 11. dxe6 fxe6 12. g4 e5 13. Bd3 a6 14. Nge2 b5 15. f4 Bb7 16. Rhf1 Nc5 17. Ng3 b4 18. Nce2 Nfxe4 19. Nxe4 Nxe4 20. Qxb4 Nc5 21. Bc4 Bg2 22. Rg1 Bxh3 23. Qc3 Qh4 24. fxe5 Qg5+ 25. Kb1 dxe5 26. Qxh3 e4 27. Rd5 Qe7 28. Rh1 h5 29. gxh5 Rf3 30. Qg2 Qf6 31. Rxc5 c6 32. Rg5 Kh7 33. hxg6+ Kg7 34. Rh7+ 1-0

[Event "AUT-chT (Women) 1819"]
[Site "Austria"]
[Date "2019.03.30"]
[Round "6.5"]
[White "Bas, Aydan"]
[Black "Krassnitzer, Maria"]
[Result "0-1"]
[WhiteElo "1488"]
[BlackElo "1618"]
[PlyCount "42"]
[EventDate "2018.11.17"]
[EventType "team-swiss"]
[EventRounds "7"]
[EventCountry "AUT"]
[SourceTitle "CBM 189 Extra"]
[Source "ChessBase"]
[SourceDate "2019.06.03"]
[SourceVersion "1"]
[SourceVersionDate "2019.06.03"]
[SourceQuality "1"]
[WhiteTeam "Dornbirn (W)"]
[BlackTeam "St Veit/Glan (W)"]
[WhiteTeamCountry "AUT"]
[BlackTeamCountry "AUT"]

1. e4 d5 2. exd5 Qxd5 3. Nc3 Qa5 4. d4 Nf6 5. Nf3 Bg4 6. h3 Bf5 7. Bd2 c6 8. Bc4 e6 9. 0-0 Qc7 10. Re1 Nbd7 11. d5 cxd5 12. Bxd5 0-0-0 13. Bb3 a6 14. Qe2 h6 15. a4 g5 16. Be3 g4 17. Nd4 gxh3 18. Nxf5 exf5 19. Bxf7 Ng4 20. f4 Nxe3 21. Qxe3 Bc5 0-1

[Event "AUT-ch U18 Girls"]
[Site "Woerth"]
[Date "2014.04.15"]
[Round "5"]
[White "Bas, Aydan"]
[Black "Konecny, Sophie"]
[Result "1/2-1/2"]
[WhiteElo "1499"]
[BlackElo "1467"]
[PlyCount "70"]
[EventDate "2014.04.13"]
[EventType "swiss"]
[EventRounds "7"]
[EventCountry "AUT"]
[SourceTitle "EXT 2015"]
[Source "ChessBase"]
[SourceDate "2014.11.20"]
[SourceVersion "1"]
[SourceVersionDate "2014.11.20"]
[SourceQuality "1"]

1. e4 c5 2. Nf3 Nc6 3. d3 d6 4. g3 g6 5. Bg2 Bg7 6. c3 Nf6 7. Nbd2 e5 8. Qe2 0-0 9. 0-0 d5 10. Re1 d4 11. h3 h6 12. Nh2 Be6 13. Ndf1 Rc8 14. g4 Nh7 15. Ng3 a6 16. a4 Qe7 17. f4 f5 18. exf5 gxf5 19. gxf5 Bxf5 20. Bxc6 Rxc6 21. Ng4 Re6 22. fxe5 Bxg4 23. Qxg4 Nf6 24. Nf5 Nxg4 25. Nxe7+ Rxe7 26. hxg4 Rxe5 27. Rxe5 Bxe5 28. Bxh6 Rf3 29. Re1 Bf6 30. Rf1 Rxf1+ 31. Kxf1 dxc3 32. bxc3 Bxc3 33. Ke2 b5 34. axb5 axb5 35. Be3 Bb4 1/2-1/2

[Event "AUT-ch U18 Girls"]
[Site "Woerth"]
[Date "2014.04.14"]
[Round "3"]
[White "Bas, Aydan"]
[Black "Krassnitzer, Maria"]
[Result "0-1"]
[WhiteElo "1499"]
[BlackElo "1592"]
[PlyCount "40"]
[EventDate "2014.04.13"]
[EventType "swiss"]
[EventRounds "7"]
[EventCountry "AUT"]
[SourceTitle "EXT 2015"]
[Source "ChessBase"]
[SourceDate "2014.11.20"]
[SourceVersion "1"]
[SourceVersionDate "2014.11.20"]
[SourceQuality "1"]

1. e4 d5 2. exd5 Qxd5 3. Nc3 Qa5 4. d4 Nf6 5. g3 Bf5 6. Bg2 c6 7. Nge2 Nbd7 8. 0-0 0-0-0 9. Bd2 Qb6 10. Qb1 e5 11. dxe5 Nxe5 12. Be3 Qc7 13. Nd4 Bg6 14. b4 Nc4 15. Rd1 Nxe3 16. fxe3 Qe5 17. b5 Qxe3+ 18. Kh1 Ng4 19. Bh3 Rxd4 20. Bxg4+ Rxg4 0-1

[Event "AUT-ch U18 Girls"]
[Site "Woerth"]
[Date "2014.04.13"]
[Round "1"]
[White "Bas, Aydan"]
[Black "Mayrhuber, Nikola"]
[Result "1/2-1/2"]
[WhiteElo "1499"]
[BlackElo "1740"]
[PlyCount "57"]
[EventDate "2014.04.13"]
[EventType "swiss"]
[EventRounds "7"]
[EventCountry "AUT"]
[SourceTitle "EXT 2015"]
[Source "ChessBase"]
[SourceDate "2014.11.20"]
[SourceVersion "1"]
[SourceVersionDate "2014.11.20"]
[SourceQuality "1"]

1. e4 e6 2. d3 d5 3. Nd2 Nf6 4. Ngf3 c5 5. g3 Nc6 6. Bg2 Be7 7. 0-0 0-0 8. e5 Nd7 9. Re1 b5 10. Qe2 b4 11. Nf1 a5 12. h4 Ba6 13. N1h2 a4 14. Bf4 Qe8 15. Ng5 Nd4 16. Qd2 Bxg5 17. Bxg5 b3 18. c4 Nb6 19. Ng4 Kh8 20. Qf4 Nf5 21. Nf6 gxf6 22. Bxf6+ Ng7 23. Bxg7+ Kxg7 24. Qg5+ Kh8 25. Qf6+ Kg8 26. Qg5+ Kh8 27. Qf6+ Kg8 28. Qg5+ Kh8 29. Qf6+ 1/2-1/2

[Event "AUT-ch (Women)"]
[Site "Feldkirch"]
[Date "2013.07.25"]
[Round "6"]
[White "Mayrhuber, Nikola"]
[Black "Bas, Aydan"]
[Result "1-0"]
[WhiteElo "1650"]
[BlackElo "1525"]
[PlyCount "47"]
[EventDate "2013.07.20"]
[EventType "swiss"]
[EventRounds "9"]
[EventCountry "AUT"]
[SourceTitle "CBM 155 Extra"]
[Source "ChessBase"]
[SourceDate "2013.08.26"]
[SourceVersion "1"]
[SourceVersionDate "2013.08.26"]
[SourceQuality "1"]

1. d4 Nf6 2. Nf3 g6 3. Bg5 Bg7 4. Nbd2 d5 5. e3 Nbd7 6. Bd3 c5 7. c4 cxd4 8. Nxd4 dxc4 9. Bxc4 e5 10. Bxf7+ Kxf7 11. Qb3+ Ke8 12. Ne6 Qe7 13. Nc7+ Kf8 14. Nxa8 Nc5 15. Qa3 b6 16. 0-0 Bb7 17. Qxa7 Bxa8 18. Qxa8+ Kf7 19. Qc6 Ncd7 20. Ne4 Rb8 21. Rfd1 Nc5 22. Bxf6 Bxf6 23. Nxf6 Qxf6 24. Qc7+ 1-0

[Event "AUT-ch U18 Girls"]
[Site "Marz"]
[Date "2013.03.26"]
[Round "5"]
[White "Tarmastin, Laura"]
[Black "Bas, Aydan"]
[Result "1-0"]
[WhiteElo "1744"]
[BlackElo "1502"]
[PlyCount "125"]
[EventDate "2013.03.24"]
[EventType "swiss"]
[EventRounds "7"]
[EventCountry "AUT"]
[SourceTitle "EXT 2015"]
[Source "ChessBase"]
[SourceDate "2014.11.20"]
[SourceVersion "1"]
[SourceVersionDate "2014.11.20"]
[SourceQuality "1"]

1. e4 e5 2. Nf3 Nc6 3. Bc4 Be7 4. c3 Nf6 5. d3 d6 6. Bb3 0-0 7. Nbd2 Be6 8. Bc2 d5 9. 0-0 Qd7 10. Re1 dxe4 11. dxe4 Rfe8 12. Qe2 Bf8 13. Nf1 h6 14. b4 Bd6 15. Bb2 Ne7 16. a3 b5 17. Rad1 Qc6 18. N3d2 Ng6 19. g3 a5 20. Bd3 Reb8 21. Rc1 Qb7 22. Ne3 c5 23. Nf5 Bf8 24. bxc5 Bxc5 25. h3 Bf8 26. Kh2 Qd7 27. Nf3 Nh7 28. Red1 Qb7 29. Rd2 f6 30. Ne1 Kh8 31. Nc2 Bf7 32. Ba1 Be6 33. Rb1 Bd7 34. Bb2 Be8 35. Nce3 Bd7 36. Bc2 Be6 37. Nd5 Rd8 38. Rbd1 Rd7 39. Nfe3 Rad8 40. Bd3 Rb8 41. Rb1 Bf7 42. Bc1 b4 43. cxb4 axb4 44. Nxb4 Rd4 45. Rdb2 Rdd8 46. Na6 Qa8 47. Rxb8 Rxb8 48. Rxb8 Qc6 49. Bd2 Ng5 50. Bb4 Ne6 51. Nf5 Kh7 52. Bb5 Qc1 53. a4 Bxb4 54. Nxb4 Nd4 55. Nxd4 exd4 56. Nd3 Qc3 57. Ra8 Ne5 58. Nxe5 fxe5 59. a5 Bb3 60. Qd3 Qb2 61. Qf3 Be6 62. Bc4 Bd7 63. Bg8+ 1-0

[Event "AUT-ch U18 Girls"]
[Site "Marz"]
[Date "2013.03.24"]
[Round "2"]
[White "Bas, Aydan"]
[Black "Nagy, Andrea"]
[Result "0-1"]
[WhiteElo "1502"]
[BlackElo "1570"]
[PlyCount "58"]
[EventDate "2013.03.24"]
[EventType "swiss"]
[EventRounds "7"]
[EventCountry "AUT"]
[SourceTitle "EXT 2015"]
[Source "ChessBase"]
[SourceDate "2014.11.20"]
[SourceVersion "1"]
[SourceVersionDate "2014.11.20"]
[SourceQuality "1"]

1. e4 e5 2. Nf3 Nc6 3. Bb5 a6 4. Ba4 Nf6 5. d3 d6 6. c3 Bg4 7. 0-0 Be7 8. Re1 0-0 9. Nbd2 Nd7 10. Nf1 Nb6 11. Bc2 f5 12. exf5 Bxf5 13. Ne3 Bg6 14. Nd2 Bh4 15. Rf1 d5 16. g3 Bg5 17. Qe1 d4 18. Ng4 dxc3 19. bxc3 Bxd3 20. Bb3+ Kh8 21. Nxe5 Nxe5 22. Qxe5 Bxf1 23. Nxf1 Bf6 24. Qh5 Qd3 25. Ne3 g6 26. Qh3 Bxc3 27. Bc2 Qe2 28. Bxg6 Qxf2+ 29. Kh1 Qe1+ 0-1

[Event "AUT-ch U18 Girls"]
[Site "Untersiebenbrunn"]
[Date "2012.04.04"]
[Round "6"]
[White "Tarmastin, Laura"]
[Black "Bas, Aydan"]
[Result "1-0"]
[WhiteElo "1769"]
[BlackElo "1447"]
[PlyCount "51"]
[EventDate "2012.04.01"]
[EventType "swiss"]
[EventRounds "7"]
[EventCountry "AUT"]
[SourceTitle "CBM 147 Extra"]
[Source "ChessBase"]
[SourceDate "2012.04.24"]
[SourceVersion "1"]
[SourceVersionDate "2012.04.24"]
[SourceQuality "1"]

1. e4 e5 2. Nf3 Nc6 3. Bc4 Bc5 4. c3 Nf6 5. d3 d6 6. Bb3 0-0 7. Nbd2 Be6 8. Bc2 Ne8 9. Nf1 Kh8 10. Ng3 Bb6 11. 0-0 Qc8 12. a3 f5 13. exf5 Bxf5 14. Nxf5 Qxf5 15. d4 Qf6 16. Bg5 Qf7 17. Nh4 g6 18. Qg4 Nf6 19. Qh3 Nh5 20. g4 Nf4 21. Bxf4 exf4 22. Nxg6+ Kg8 23. Nxf8 Rxf8 24. Rae1 Kh8 25. Re4 Ne7 26. Rxf4 1-0

[Event "AUT-ch U18 Girls"]
[Site "Untersiebenbrunn"]
[Date "2012.04.01"]
[Round "1"]
[White "Bas, Aydan"]
[Black "Nagy, Andrea"]
[Result "1-0"]
[WhiteElo "1447"]
[BlackElo "1502"]
[PlyCount "61"]
[EventDate "2012.04.01"]
[EventType "swiss"]
[EventRounds "7"]
[EventCountry "AUT"]
[SourceTitle "CBM 147 Extra"]
[Source "ChessBase"]
[SourceDate "2012.04.24"]
[SourceVersion "1"]
[SourceVersionDate "2012.04.24"]
[SourceQuality "1"]

1. e4 d5 2. exd5 Qxd5 3. Nc3 Qd6 4. d4 Nf6 5. Nf3 c6 6. Be2 Bf5 7. Be3 Nbd7 8. Bd3 Bxd3 9. Qxd3 e6 10. 0-0-0 b5 11. Ne4 Nxe4 12. Qxe4 Qd5 13. Qxd5 cxd5 14. Rhe1 Bd6 15. h3 Nb6 16. Ne5 0-0 17. Nd3 Nc4 18. b3 Nxe3 19. fxe3 Rac8 20. Kb2 Rc7 21. Rc1 Rfc8 22. e4 dxe4 23. Rxe4 Rc6 24. Re2 Ra6 25. Kb1 Ra3 26. c3 a5 27. Rec2 h6 28. c4 bxc4 29. Rxc4 Rb8 30. Nc5 a4 31. Kb2 1-0

[Event "AUT-ch U14 Girls"]
[Site "Eisenstadt"]
[Date "2010.05.24"]
[Round "5.7"]
[White "Bas, Aydan"]
[Black "Auer, Christine"]
[Result "1/2-1/2"]
[WhiteElo "1200"]
[BlackElo "1373"]
[PlyCount "108"]
[EventDate "2010.05.22"]
[EventType "swiss"]
[EventRounds "7"]
[EventCountry "AUT"]
[SourceTitle "EXT 2024"]
[Source "ChessBase"]
[SourceDate "2023.10.10"]
[SourceVersion "1"]
[SourceVersionDate "2023.10.10"]
[SourceQuality "1"]

1. e4 e5 2. Nf3 Nc6 3. Bc4 h6 4. h3 Nf6 5. Nc3 Bc5 6. d3 d6 7. Be3 Bb6 8. Qd2 Be6 9. 0-0-0 Qd7 10. Bb5 a6 11. Bxc6 Qxc6 12. d4 Nxe4 13. Nxe4 Qxe4 14. dxe5 dxe5 15. Bxb6 cxb6 16. Rhe1 Qa4 17. a3 0-0 18. Nxe5 Rac8 19. Re2 Rc7 20. c3 a5 21. Re3 Qb3 22. Qd3 Rcc8 23. Nf3 Rfe8 24. Nd4 Qc4 25. Qxc4 Bxc4 26. Rxe8+ Rxe8 27. b3 Bd5 28. g4 Bc6 29. Kb2 g6 30. f4 Re3 31. h4 Rh3 32. h5 gxh5 33. gxh5 Rxh5 34. Rg1+ Kf8 35. f5 f6 36. Ne6+ Ke7 37. Rg7+ Kd6 38. Nd4 Be4 39. Rg6 Bxf5 40. Rxf6+ Ke5 41. Rxb6 Rh2+ 42. Kc1 Rh1+ 43. Kd2 Rh2+ 44. Ne2 h5 45. Rb5+ Ke4 46. Rxa5 h4 47. Ra4+ Kf3 48. Rf4+ Kg2 49. Rxf5 h3 50. Rg5+ Kf1 51. Rg1+ Kf2 52. Rg5 Kf1 53. Re5 Rf2 54. Kd1 h2 1/2-1/2